| 000 | 00847nam a22002177a 4500 | ||
|---|---|---|---|
| 005 | 20090217113548.0 | ||
| 008 | 090217t xxu||||| |||| 00| 0 hin d | ||
| 010 | _aHIN-45843 | ||
| 020 |
_a8187396032 _c90.00 |
||
| 035 | _aHN-27205 | ||
| 037 | _bDBAD / PUB | ||
| 040 |
_aDPL _bHN |
||
| 082 | _a821 | ||
| 100 | _aकेदारनाथ कोमल | ||
| 245 |
_aशब्द नाच / _cकेदारनाथ कोमल |
||
| 260 |
_aगाजियाबाद _bअनुभव प्रकाशन _c1999 |
||
| 270 | _bगाजियाबाद | ||
| 300 |
_a88पृ. _c23 सेमी (सजिल्द) |
||
| 942 |
_2ddc _cHN _mकेदार _h821 |
||
| 999 |
_c23938 _d23938 |
||